| 000 | 00762nam a2200229 a 4500 | ||
|---|---|---|---|
| 001 | 46034 | ||
| 005 | 20180714025440.0 | ||
| 008 | 140415s2012 mx a r 000 0 spa d | ||
| 020 | _a9786077799917 | ||
| 041 | 0 | _aspa | |
| 082 | 0 |
_a346.0706 _bARE |
|
| 100 | 1 |
_aArellano Rabiela, Sergio C., _eautor |
|
| 245 | 1 | 0 |
_aLineamientos del derecho comercial-empresarial / _cSergio Arellano Rabiela. |
| 250 | _a[Primera edición] | ||
| 264 | 1 |
_aMéxico : _bFlores Editor y Distribuidor, _c2012 |
|
| 300 |
_a156 páginas : _bilustraciones ; _c21 cm. |
||
| 336 |
_atexto _2rdacontent |
||
| 337 |
_asin mediación _2rdamedia |
||
| 338 |
_avolumen _2rdacarrier |
||
| 650 | 4 |
_aDerecho comercial _xLegislación |
|
| 650 | 4 |
_aContratos comerciales _xEmpresas |
|
| 999 |
_c46034 _d46034 |
||